000 00484nam a2200145 4500
008 151027b xxu||||| |||| 00| 0 eng d
020 _a9966468625
050 _aAFR PR 93789 .S56S56 2008
100 _aSinghateh, Sally
_d2008
245 _aChristie's Crisis
_cSally Singhateh
260 _aNairobi:
_bEast African Educational Publishers,
_c2008.
300 _a91p.:
650 _aEnglish Fiction
942 _2lcc
_cSH_L_BOOKS
_hAFR PR 93789 .S56S56 2008
999 _c9411
_d9411